00511nam a22001577a 450000500170000001000150001702000260003203500130005803700130007108200110008410000280009524500650012326000550018827000790024330000310032220130819150513.0 aENG-107843 a9789380831732c199.00 aEN-91376 bDBAD/PUB a305.56 a Narasimha Raju, V.M.P. aSociology of marginalized groups /cby V.P.M. Narasimha Raju aHyderabadbStudentshelpline Publishing Housec2012 a326/C, Surneni Nilayam, near B K Guda Park, S.R. Nagar,bHyderabade500038 avarious pagingsc22cm(pbk)